000 00400nam a22001577a 4500
003 SGT
020 _a9789352703104
082 _a519.5
_bM18B
100 _aBANERJEE, BRATATI
245 _aMAHAJAN'S METHODS IN BIOSTATISTICS FOR MEDICAL STUDENTS RESEARCH WORKERS
250 _a9TH
260 _aINDIA
_bJAYPEE PUB
_c2019
300 _a469
650 _aBIOSTASTICS RESEARCH
942 _2ddc
_cBK
_072
999 _c21912
_d21912